000 00510nam a2200157Ia 4500
008 240729s9999 xx 000 0 und d
245 0 _aJournal of Cancer Research and Practice
260 _aTaiwan, Province of China
260 _bWolters Kluwer Medknow Publications
650 _a Internal medicine
650 _a Neoplasms. Tumors. Oncology. Including cancer and carcinogens
650 _aMedicine
856 _uhttps://doaj.org/toc/636fe5ad94b945edb4b6b8fe77fd241c
942 _2ddc
942 _cDOAJEJ
999 _c71459
_d71459
945 _a1
_bMadushi Gamage
_c1
_dMadushi Gamage